How to be a successful leader (Record no. 582947)

000 -LEADER
fixed length control field 00472nam a22001697a 4500
003 - CONTROL NUMBER IDENTIFIER
control field CEME
005 - DATE AND TIME OF LATEST TRANSACTION
control field 20210628205957.0
008 - FIXED-LENGTH DATA ELEMENTS--GENERAL INFORMATION
fixed length control field 210209b xxu||||| |||| 00| 0 eng d
020 ## - INTERNATIONAL STANDARD BOOK NUMBER
International Standard Book Number 81-85019-69-X
040 ## - CATALOGING SOURCE
Transcribing agency .
082 ## - DEWEY DECIMAL CLASSIFICATION NUMBER
Classification number 355.33041 CHI
100 ## - MAIN ENTRY--PERSONAL NAME
Personal name Chibber, M. L.Lt Gen.Dr
9 (RLIN) 77732
245 ## - TITLE STATEMENT
Title How to be a successful leader
260 ## - PUBLICATION, DISTRIBUTION, ETC.
Place of publication, distribution, etc. LAHORE
Name of publisher, distributor, etc. ARMY EDUCATION PRESS
Date of publication, distribution, etc. 2000
650 ## - SUBJECT ADDED ENTRY--TOPICAL TERM
Topical term or geographic name entry element LEADER,MILITARY MILITARY LEADERSHIP TECHNIQUES
9 (RLIN) 77733
942 ## - ADDED ENTRY ELEMENTS (KOHA)
Koha item type Book
Source of classification or shelving scheme
Holdings
Withdrawn status Lost status Damaged status Not for loan Permanent Location Current Location Shelving location Date acquired Total Checkouts Total Renewals Full call number Barcode Checked out Date last seen Date last checked out Price effective from Koha item type
        College of Electrical & Mechanical Engineering (CEME) College of Electrical & Mechanical Engineering (CEME) General Stacks 06/09/2017 1 1 355.33041 CHI CEME-33244 02/05/2026 11/15/2025 11/15/2025 06/28/2021 Book
        College of Electrical & Mechanical Engineering (CEME) College of Electrical & Mechanical Engineering (CEME) General Stacks 06/09/2017     355.33041 CHI CEME-33245   06/28/2021   06/28/2021 Book
        College of Electrical & Mechanical Engineering (CEME) College of Electrical & Mechanical Engineering (CEME) General Stacks 06/09/2017     355.33041 CHI CEME-33246   06/28/2021   06/28/2021 Book
        College of Electrical & Mechanical Engineering (CEME) College of Electrical & Mechanical Engineering (CEME) General Stacks 06/09/2017     355.33041 CHI CEME-33247   06/28/2021   06/28/2021 Book
© 2023 Central Library, National University of Sciences and Technology. All Rights Reserved.